000 00937nam a2200289Ia 4500
003 GCL
008 140319s9999 xx 000 0 ara d
020 _a2156109977
040 _aGCL /
_cGCL
082 0 4 _a210.4
_bم ا
100 1 _aمصطفى ابو الغيط
245 1 0 _a1000 س و ج للمراة المسلمة /
_cمصطفى ابو الغيط
700 1 _aاسلام محمود دربالة
250 _aالاولى
260 _aالقاهرة :
_bدار العلوم للنشر والتوزيع ،
_c2004
300 _a240 ص ؛
_c24 سم
650 0 4 _aالصلاة
650 0 4 _aالصيام
650 0 4 _aالطهارة
650 0 4 _aالوضوء
650 0 4 _aالمرأة المسلمة
650 0 4 _aالتيمم
650 0 4 _aالعبادات( فقه اسلامى )
650 0 4 _aالطلاق (الشريعة الاسلامية )
650 0 4 _aالمرأة فى الاسلام
942 _2ddc
_cBK
999 _c7531
_d7531